000 00548nam a2200193 a 4500
001 13689
003 CO-ViMGA
008 141112s2004 ck r 000 u spa d
020 _a0801420229
040 _aCO-ViMGA
_bspa
_cCO-ViMGA
082 0 4 _a338.476 S159b
100 1 _aSamuels, Richard J.
_919981
245 1 0 _aThe business of the japanese state
260 _aNueva York :
_bCornell University Press,
_c1987
300 _a359
650 1 4 _aINDUSTRIA DE ENERGIA - JAPON
_919982
650 1 4 _aINDUSTRIA Y ESTADO - JAPON
_919983
942 _2ddc
_cBK
999 _c24412
_d24412